| 000 | 01676nam a2200325Mu 4500 | ||
|---|---|---|---|
| 001 | 85082 | ||
| 005 | 20230411090043.0 | ||
| 006 | m d | ||
| 007 | cr mn|---||||| | ||
| 008 | 100212s2009 nju s 000 0 eng d | ||
| 035 | _a(OCoLC)ocn536418947 | ||
| 040 |
_aMERUC _cMERUC |
||
| 020 | _a9780691135212 (electronic bk.) | ||
| 020 | _a0691135215 (electronic bk.) | ||
| 035 | _a(OCoLC)536418947 | ||
| 049 | _aGRAL | ||
| 100 | 1 | _aMazower, Mark. | |
| 245 | 1 | 0 |
_aNo Enchanted Palace : _bThe End of Empire and the Ideological Origins of the United Nations. _h[electronic resource]. |
| 260 |
_aPrinceton : _bPrinceton University Press, _c2009. |
||
| 300 | _a246 p. | ||
| 520 | _aNo Enchanted Palace traces the origins and early development of the United Nations, one of the most influential yet perhaps least understood organizations active in the world today. Acclaimed historian Mark Mazower forces us to set aside the popular myth that the UN miraculously rose from the ashes of World War II as the guardian of a new and peaceful global order, offering instead a strikingly original interpretation of the UN's ideological roots, early history, and changing role in world affairs. Mazower brings the founding of the UN brilliantly to life. He shows how the UN's creators envisi. | ||
| 533 |
_aElectronic reproduction. _nAvailable via World Wide Web. |
||
| 538 | _aMode of access: World Wide Web. | ||
| 655 | 7 |
_aElectronic books. _2lcsh |
|
| 710 | 2 | _aEbooks Corporation. | |
| 856 | 4 | 0 |
_zClick here to view book _uhttp://www.UCM.eblib.com/EBLWeb/patron?target=patron&extendedid=P_483570_0& |
| 942 |
_2lcc _cbk |
||
| 994 |
_aC0 _bDRFGD |
||
| 946 | _almm | ||
| 999 |
_c111659 _d111659 |
||